Pokemon TCG: Shining Fates cards - Statistics

General Stats
  • This quiz has been taken 4 times
  • The average score is 63 of 195
Answer Stats
Hint Answer % Correct
SV100/SV122 Greedent
100%
011/072 (Grass) | SV004/SV122 Grookey
100%
047/072 (Darkness) | SV081/SV122 Nickit
100%
013/072 (Grass) | SV006/SV122 Rillaboom
100%
SV015/SV122 Scorbunny
100%
012/072 (Grass) | SV005/SV122 Thwackey
100%
SV058/SV122 Alcremie
50%
SV014/SV122 Appletun
50%
SV012/SV122 Applin
50%
SV037/SV122 Arctovish
50%
SV046/SV122 Arctozolt
50%
SV031/SV122 Arrokuda
50%
SV032/SV122 Barraskewda
50%
SV007/SV122 Blipbug
50%
SV040/SV122 Boltund
50%
058/072 (Supporter) Boss's Orders
50%
SV068/SV122 Carkol
50%
SV019/SV122 Centiskorch
50%
026/072 (Water) | SV028/SV122 Chewtle
50%
SV017/SV122 Cinderace
50%
SV072/SV122 Clobbopus
50%
SV069/SV122 Coalossal
50%
SV091/SV122 Copperajah
50%
SV089/SV122 Corviknight
50%
SV102/SV122 Corvisquire
50%
028/072 (Water) | SV030/SV122 Cramorant
50%
049/072 (Metal) | SV090/SV122 Cufant
50%
007/072 (Grass) | SV002/SV122 Dartrix
50%
008/072 (Grass) | SV003/SV122 Decidueye
50%
SV008/SV122 Dottler
50%
SV036/SV122 Dracovish
50%
SV045/SV122 Dracozolt
50%
SV062/SV122 Dragapult
50%
SV061/SV122 Drakloak
50%
027/072 (Water) | SV029/SV122 Drednaw
50%
SV060/SV122 Dreepy
50%
SV026/SV122 Drizzile
50%
SV104/SV122 Dubwool
50%
SV092/SV122 Duraludon
50%
SV035/SV122 Eiscue
50%
015/072 (Grass) | SV011/SV122 Eldegoss
50%
SV074/SV122 Falinks
50%
SV013/SV122 Flapple
50%
030/072 (Water) | SV034/SV122 Frosmoth
50%
SV049/SV122 Galarian Corsola
50%
SV050/SV122 Galarian Cursola
50%
SV024/SV122 Galarian Darmanitan
50%
SV023/SV122 Galarian Darumaka
50%
SV063/SV122 Galarian Farfetch'd
50%
SV079/SV122 Galarian Linoone
50%
SV086/SV122 Galarian Meowth
50%
SV020/SV122 Galarian Mr. Mime
50%
SV021/SV122 Galarian Mr. Rime
50%
SV080/SV122 Galarian Obstagoon
50%
SV087/SV122 Galarian Perrserker
50%
SV047/SV122 Galarian Ponyta
50%
SV048/SV122 Galarian Rapidash
50%
SV066/SV122 Galarian Runerigus
50%
SV064/SV122 Galarian Sirfetch'd
50%
SV088/SV122 Galarian Stunfisk
50%
042/072 (Darkness) | SV077/SV122 Galarian Weezing
50%
SV065/SV122 Galarian Yamask
50%
SV078/SV122 Galarian Zigzagoon
50%
014/072 (Grass) | SV010/SV122 Gossifleur
50%
SV073/SV122 Grapploct
50%
SV085/SV122 Grimmsnarl
50%
SV054/SV122 Hatenna
50%
SV056/SV122 Hatterene
50%
SV055/SV122 Hattrem
50%
SV083/SV122 Impidimp
50%
056/072 (Colorless) | SV059/SV122 Indeedee
50%
SV027/SV122 Inteleon
50%
041/072 (Darkness) | SV076/SV122 Koffing
50%
SV057/SV122 Milcery
50%
SV084/SV122 Morgrem
50%
SV088/SV122 Oranguru
50%
SV009/SV122 Orbeetle
50%
SV043/SV122 Pincurchin
50%
SV053/SV122 Polteageist
50%
SV016/SV122 Raboot
50%
SV067/SV122 Rolycoly
50%
SV101/SV122 Rookidee
50%
006/072 (Grass) | SV001/SV122 Rowlet
50%
SV071/SV122 Sandaconda
50%
SV070/SV122 Silicobra
50%
SV052/SV122 Sinistea
50%
SV018/SV122 Sizzlipede
50%
SV099/SV122 Skwovet
50%
029/072 (Water) | SV033/SV122 Snom
50%
SV025/SV122 Sobble
50%
SV075/SV122 Stonjourner
50%
048/072 (Darkness) | SV082/SV122 Thievul
50%
SV041/SV122 Toxel
50%
SV042/SV122 Toxtricity
50%
SV103/SV122 Wooloo
50%
SV039/SV122 Yamper
50%
016/072 (Grass) Zarude
50%
064/072 (Psychic) Alcremie V
0%
073/072 (Psychic) Alcremie VMAX
0%
057/072 (Supporter) | 065/072 (Supporter) Ball Guy
0%
066/072 (Supporter) Bird Keeper
0%
022/072 (Water) Buizel
0%
SV097/SV122 Bunnelby
0%
004/072 (Grass) Cacnea
0%
067/072 (Supporter) Cara Liss
0%
003/072 (Grass) Celebi
0%
SV108/SV122 Centiskorch V
0%
SV109/SV122 Centiskorch VMAX
0%
SV107/SV122 Charizard VMAX
0%
SV094/SV122 Cinccino
0%
018/072 (Fire) Cinderace V
0%
019/072 (Fire) Cinderace VMAX
0%
054/072 (Colorless) Cramorant V
0%
055/072 (Colorless) Cramorant VMAX
0%
044/072 (Darkness) Crobat V
0%
045/072 (Darkness) Crobat VMAX
0%
SV051/SV122 Dedenne
0%
009/072 (Grass) Dhelmise V
0%
010/072 (Grass) Dhelmise VMAX
0%
050/072 (Colorless) | SV118/SV122 Ditto V
0%
051/072 (Colorless) | SV119/SV122 Ditto VMAX
0%
SV120/SV122 Dubwool V
0%
SV095/SV122 Ducklett
0%
052/072 (Colorless) Eevee
0%
SV121/SV122 Eternatus V
0%
SV122/SV122 Eternatus VMAX
0%
SV115/SV122 Falinks V
0%
023/072 (Water) Floatzel
0%
053/072 (Colorless) Greedent V
0%
SV116/SV122 Grimmsnarl V
0%
SV117/SV122 Grimmsnarl VMAX
0%
059/072 (Supporter) | 068/072 (Supporter) Gym Trainer
0%
020/072 (Water) Horsea
0%
039/072 (Psychic) | SV114/SV122 Indeedee V
0%
021/072 (Water) Kyogre
0%
SV110/SV122 Lapras V
0%
SV111/SV122 Lapras VMAX
0%
032/072 (Lightning) Luxio
0%
033/072 (Lightning) Luxray
0%
024/072 (Water) Manaphy
0%
SV093/SV122 Minccino
0%
035/072 (Lightning) | 036/072 (Lightning) | SV044/SV122 Morpeko
0%
037/072 (Lightning) Morpeko V
0%
038/072 (Lightning) Morpeko VMAX
0%
069/072 (Supporter) Piers
0%
070/072 (Supporter) Poke Kid
0%
060/072 (Supporter) Professor's Research
0%
017/072 (Fire) Reshiram
0%
SV105/SV122 Rillaboom V
0%
SV106/SV122 Rillaboom VMAX
0%
071/072 (Supporter) Rose
0%
034/072 (Lightning) | SV038/SV122 Rotom
0%
061/072 (Item) Rusted Shield
0%
062/072 (Item) Rusted Sword
0%
031/072 (Lightning) Shinx
0%
072/072 (Supporter) Skyla
0%
043/072 (Darkness) Spinarak
0%
SV022/SV122 Suicune
0%
SV096/SV122 Swanna
0%
063/072 (Item) Team Yell Towel
0%
SV112/SV122 Toxtricity V
0%
SV113/SV122 Toxtricity VMAX
0%
040/072 (Fighting) Trapinch
0%
005/072 (Grass) Tropius
0%
025/072 (Water) Volcanion
0%
001/072 (Grass) Yanma
0%
002/072 (Grass) Yanmega
0%
046/072 (Darkness) Yveltal
0%
No matching quizzes found
Score Distribution
Percent of People with Each Score
Percentile by Number Answered
Your Score History
You have not taken this quiz